000 01543nam a2200289Ia 4500
999 _c34606
_d34606
001 368
003 GE_BSU
005 20200122164347.0
008 181216s2008||||ge |||||||||||||| ||geo||
020 _a978994100274
040 _cGE_BSU
041 _ageo
080 _a616.053.31(075.8) კ-61
100 _aკლოჰერტი, პ.
_96323
245 _aნეონატოლოგია :
_b[სახელმძღვ.] /
_cჯონ პ. კლოჰერტი, ერიკ ს. ეიჩენვალდი, ენ რ. სტარკი ; [ინგლ. თარგმნა ნანა სებისკვერაძემ] ; ქართ. გამოც. რედ.: ირაკლი ფავლენიშვილი, ია დავითაია.
264 _aთბილისი,
_c2008.
300 _a400 გვ.:
_bილ.
_c21სმ.
653 _aმედიცინა
653 _a ახალშობილთა დაავადებები
653 _aნეონატოლოგია
700 _aეიჩენვალდი, ერიკ ს.
_eავტორი
_96324
700 _aსტარკი, ენ რ.
_eავტორი
_96325
700 _aსებისკვერაძე, ნანა
_eმთარგმნელი
_96326
700 _aფავლენიშვილი, ირაკლი
_eრედაქტორი
_96327
700 _aდავითაია, ია
_eრედაქტორი
_96328
942 _cBK
_2udc